[Event "DVM U12w 2024"]
[Site "Bad Homburg GER"]
[Date "2024.12.27"]
[Round "1"]
[White "Mandziuk, Varvara"]
[Black "Winkler, Frida"]
[Result "0-1"]
[Termination "normal"]
[Board "1.1"]
[WhiteElo "1160"]
[BlackElo "1556"]
[WhiteClock "00:43:29"]
[BlackClock "00:59:52"]
[WhiteTeam "SC Garching 1980"]
[BlackTeam "SK König Plauen"]
[PlyCount "58"]
[WhiteFideId "34638016"]
[BlackFideId "34622322"]
[EventCountry "GER"]
[EventRounds "7"]
[EventType "team-swiss"]
[EventDate "2024.12.26"]

1. e4 {[%clk 01:30:59]} c5 {[%clk 01:30:49]} {[%emt 00:00:11]} 2. Nf3 {[%clk
01:31:20]} {[%emt 00:00:09]} Nc6 {[%clk 01:31:07]} {[%emt 00:00:12]} 3. d4
{[%clk 01:31:42]} {[%emt 00:00:08]} cxd4 {[%clk 01:31:26]} {[%emt 00:00:12]} 4.
Nxd4 {[%clk 01:32:02]} {[%emt 00:00:10]} g6 {[%clk 01:31:35]} {[%emt 00:00:21]}
5. Nc3 {[%clk 01:32:19]} {[%emt 00:00:12]} Bg7 {[%clk 01:31:55]} {[%emt
00:00:10]} 6. Be3 {[%clk 01:32:38]} {[%emt 00:00:10]} Nf6 {[%clk 01:31:55]}
{[%emt 00:00:31]} 7. Bc4 {[%clk 01:33:01]} {[%emt 00:00:07]} O-O {[%clk
01:32:04]} {[%emt 00:00:21]} 8. Bb3 {[%clk 01:33:06]} {[%emt 00:00:25]} d6
{[%clk 01:31:56]} {[%emt 00:00:37]} 9. f3 {[%clk 01:33:27]} {[%emt 00:00:10]}
Na5 {[%clk 01:27:03]} {[%emt 00:05:21]} 10. Ba4 {[%clk 01:30:01]} {[%emt
00:03:58]} Nc4 {[%clk 01:27:20]} {[%emt 00:00:13]} 11. Bc1 {[%clk 01:28:41]}
{[%emt 00:01:49]} Qb6 {[%clk 01:20:53]} {[%emt 00:06:58]} 12. Bb3 {[%clk
01:28:01]} {[%emt 00:01:10]} Na5 {[%clk 01:19:46]} {[%emt 00:01:36]} 13. Ba4
{[%clk 01:26:17]} {[%emt 00:02:15]} Nxe4 {[%clk 01:19:38]} {[%emt 00:00:38]}
14. Nxe4 {[%clk 01:22:53]} {[%emt 00:03:54]} Bxd4 {[%clk 01:15:55]} {[%emt
00:04:13]} 15. c3 {[%clk 01:19:21]} {[%emt 00:04:03]} Bg7 {[%clk 01:12:37]}
{[%emt 00:03:47]} 16. Qc2 {[%clk 01:17:55]} {[%emt 00:01:56]} d5 {[%clk
01:07:47]} {[%emt 00:05:12]} 17. Nf2 {[%clk 01:15:54]} {[%emt 00:02:32]} d4
{[%clk 01:07:15]} {[%emt 00:01:01]} 18. c4 {[%clk 01:07:41]} {[%emt 00:08:44]}
Qe6+ {[%clk 01:05:21]} {[%emt 00:02:23]} 19. Kd1 {[%clk 00:48:59]} {[%emt
00:19:13]} Nxc4 {[%clk 01:05:14]} {[%emt 00:00:37]} 20. Bb3 {[%clk 00:48:02]}
{[%emt 00:01:27]} Ne3+ {[%clk 01:05:22]} {[%emt 00:00:22]} 21. Bxe3 {[%clk
00:48:06]} {[%emt 00:00:27]} Qxe3 {[%clk 01:05:35]} {[%emt 00:00:17]} 22. Re1
{[%clk 00:48:20]} {[%emt 00:00:15]} Qg5 {[%clk 01:05:06]} {[%emt 00:00:58]} 23.
Ne4 {[%clk 00:47:54]} {[%emt 00:00:58]} Qf4 {[%clk 01:03:25]} {[%emt 00:02:11]}
24. Rh1 {[%clk 00:47:41]} {[%emt 00:00:43]} Bf5 {[%clk 01:02:45]} {[%emt
00:01:09]} 25. Bd5 {[%clk 00:45:51]} {[%emt 00:02:20]} Rac8 {[%clk 01:02:31]}
{[%emt 00:00:43]} 26. Qe2 {[%clk 00:45:26]} {[%emt 00:00:55]} d3 {[%clk
00:59:58]} {[%emt 00:03:05]} 27. Qxd3 {[%clk 00:43:35]} {[%emt 00:02:21]} Rfd8
{[%clk 01:00:07]} {[%emt 00:00:20]} 28. Qb3 {[%clk 00:43:11]} {[%emt 00:00:55]}
Bxe4 {[%clk 00:59:41]} {[%emt 00:00:56]} 29. fxe4 {[%clk 00:43:29]} {[%emt
00:00:13]} Qxe4 {[%clk 00:59:52]} {[%emt 00:00:19]} 0-1

[Event "DVM U12w 2024"]
[Site "Bad Homburg GER"]
[Date "2024.12.27"]
[Round "1"]
[White "Lange, Lene Marie"]
[Black "Werner, Amelie"]
[Result "1/2-1/2"]
[Termination "normal"]
[Board "1.2"]
[WhiteElo "1501"]
[BlackElo "1525"]
[WhiteClock "00:12:54"]
[BlackClock "00:48:10"]
[WhiteTeam "SK König Plauen"]
[BlackTeam "SC Garching 1980"]
[PlyCount "45"]
[WhiteFideId "34639748"]
[BlackFideId "34639900"]
[EventCountry "GER"]
[EventRounds "7"]
[EventType "team-swiss"]
[EventDate "2024.12.26"]

1. d4 {[%clk 01:30:57]} {[%emt 00:00:03]} d5 {[%clk 01:30:54]} {[%emt
00:00:06]} 2. Bf4 {[%clk 01:31:19]} {[%emt 00:00:07]} c5 {[%clk 01:31:19]}
{[%emt 00:00:06]} 3. e3 {[%clk 01:31:40]} {[%emt 00:00:09]} Nf6 {[%clk
01:31:42]} {[%emt 00:00:06]} 4. Nf3 {[%clk 01:31:49]} {[%emt 00:00:21]} Nc6
{[%clk 01:32:03]} {[%emt 00:00:10]} 5. c3 {[%clk 01:32:10]} {[%emt 00:00:09]}
Bf5 {[%clk 01:32:26]} {[%emt 00:00:06]} 6. Nbd2 {[%clk 01:32:19]} {[%emt
00:00:21]} cxd4 {[%clk 01:32:29]} {[%emt 00:00:27]} 7. cxd4 {[%clk 01:31:55]}
{[%emt 00:00:54]} e6 {[%clk 01:32:06]} {[%emt 00:00:54]} 8. Bb5 {[%clk
01:31:57]} {[%emt 00:00:28]} Rc8 {[%clk 01:30:21]} {[%emt 00:02:14]} 9. Rc1
{[%clk 01:30:58]} {[%emt 00:01:29]} Bd6 {[%clk 01:29:51]} {[%emt 00:01:01]} 10.
Ne5 {[%clk 01:29:06]} {[%emt 00:02:21]} O-O {[%clk 01:28:07]} {[%emt 00:02:14]}
11. O-O {[%clk 01:20:51]} {[%emt 00:08:46]} Nb4 {[%clk 01:22:50]} {[%emt
00:05:46]} 12. a3 {[%clk 01:17:51]} {[%emt 00:03:30]} a6 {[%clk 01:20:04]}
{[%emt 00:03:17]} 13. Be2 {[%emt 00:06:48]} Nc6 {[%clk 01:20:17]} 14. Ndf3
{[%clk 01:11:02]} {[%emt 00:01:17]} Ne4 {[%clk 01:12:28]} {[%emt 00:08:14]} 15.
Qb3 {[%clk 01:00:30]} {[%emt 00:11:01]} Na5 {[%clk 01:07:30]} {[%emt 00:05:28]}
16. Qa2 {[%clk 00:52:18]} {[%emt 00:08:42]} b5 {[%clk 01:04:05]} {[%emt
00:03:55]} 17. b4 {[%clk 00:47:28]} {[%emt 00:05:19]} Nc4 {[%clk 00:55:30]}
{[%emt 00:09:06]} 18. Rfd1 {[%clk 00:29:21]} {[%emt 00:18:38]} a5 {[%clk
00:48:38]} {[%emt 00:07:22]} 19. bxa5 {[%clk 00:24:14]} {[%emt 00:05:36]} Qxa5
{[%clk 00:48:54]} {[%emt 00:00:14]} 20. Nxc4 {[%clk 00:24:29]} {[%emt
00:00:15]} bxc4 {[%clk 00:48:29]} {[%emt 00:00:56]} 21. Bxd6 {[%clk 00:24:00]}
{[%emt 00:00:59]} Nxd6 {[%clk 00:48:48]} {[%emt 00:00:11]} 22. Ne5 {[%clk
00:19:31]} {[%emt 00:04:59]} Nb5 {[%clk 00:48:10]} {[%emt 00:01:07]} 23. Qb2
{[%clk 00:12:54]} {[%emt 00:07:07]} *

[Event "DVM U12w 2024"]
[Site "Bad Homburg GER"]
[Date "2024.12.27"]
[Round "1"]
[White "Naz Öksüz, Meryem"]
[Black "Doberchak, Emily Alice"]
[Result "0-1"]
[Termination "normal"]
[Board "1.4"]
[WhiteElo "1296"]
[BlackElo "1106"]
[WhiteClock "01:09:09"]
[BlackClock "00:41:13"]
[WhiteTeam "SK König Plauen"]
[BlackTeam "SC Garching 1980"]
[PlyCount "76"]
[WhiteFideId "533025860"]
[BlackFideId "34630139"]
[EventCountry "GER"]
[EventRounds "7"]
[EventType "team-swiss"]
[EventDate "2024.12.26"]

1. e4 {[%clk 01:30:45]} {[%emt 00:00:14]} e5 {[%clk 01:30:54]} {[%emt
00:00:06]} 2. Nf3 {[%clk 01:31:02]} {[%emt 00:00:13]} Nc6 {[%clk 01:31:16]}
{[%emt 00:00:08]} 3. Bc4 {[%clk 01:31:18]} {[%emt 00:00:15]} Bc5 {[%clk
01:31:13]} {[%emt 00:00:32]} 4. O-O {[%clk 01:31:25]} {[%emt 00:00:23]} d6
{[%clk 01:31:17]} {[%emt 00:00:26]} 5. c3 {[%clk 01:31:42]} {[%emt 00:00:13]}
Bg4 {[%clk 01:30:51]} {[%emt 00:00:56]} 6. d3 {[%clk 01:31:35]} {[%emt
00:00:37]} h6 {[%clk 01:30:09]} {[%emt 00:01:11]} 7. h3 {[%clk 01:31:52]}
{[%emt 00:00:13]} Bh5 {[%clk 01:29:56]} {[%emt 00:00:43]} 8. Be3 {[%clk
01:31:40]} {[%emt 00:00:42]} Bb6 {[%clk 01:29:23]} {[%emt 00:01:03]} 9. Nbd2
{[%clk 01:30:40]} {[%emt 00:01:30]} Nf6 {[%clk 01:28:46]} {[%emt 00:01:07]} 10.
b4 {[%clk 01:30:14]} {[%emt 00:00:57]} a6 {[%clk 01:26:50]} {[%emt 00:02:26]}
11. Qb3 {[%clk 01:30:21]} {[%emt 00:00:23]} O-O {[%clk 01:26:06]} {[%emt
00:01:15]} 12. d4 {[%clk 01:29:14]} {[%emt 00:01:37]} Bxf3 {[%clk 01:21:59]}
{[%emt 00:04:36]} 13. Nxf3 {[%clk 01:29:22]} {[%emt 00:00:21]} Nxe4 {[%clk
01:21:32]} {[%emt 00:00:58]} 14. dxe5 {[%clk 01:29:23]} {[%emt 00:00:28]} dxe5
{[%clk 01:20:03]} {[%emt 00:02:00]} 15. Rad1 {[%clk 01:29:17]} {[%emt
00:00:34]} Qe7 {[%clk 01:18:45]} {[%emt 00:01:49]} 16. Bd5 {[%clk 01:28:53]}
{[%emt 00:00:54]} Bxe3 {[%clk 01:16:31]} {[%emt 00:02:44]} 17. fxe3 {[%clk
01:28:32]} {[%emt 00:00:11]} Ng3 {[%clk 01:15:13]} {[%emt 00:02:27]} 18. Rf2
{[%clk 01:28:25]} {[%emt 00:00:38]} e4 {[%clk 01:13:21]} {[%emt 00:02:23]} 19.
Nd2 {[%clk 01:25:56]} {[%emt 00:02:58]} Rad8 {[%clk 01:12:41]} {[%emt
00:01:10]} 20. Kh2 {[%clk 01:25:59]} {[%emt 00:00:26]} Nh5 {[%clk 01:10:38]}
{[%emt 00:02:32]} 21. Nxe4 {[%clk 01:25:23]} {[%emt 00:01:04]} Rd7 {[%clk
01:03:35]} {[%emt 00:08:50]} 22. Bxc6 {[%clk 01:26:49]} {[%emt 00:00:56]} bxc6
{[%clk 01:00:37]} {[%emt 00:03:29]} 23. Rxd7 {[%clk 01:26:43]} {[%emt
00:00:35]} Qxd7 {[%clk 01:00:04]} {[%emt 00:01:04]} 24. g4 {[%clk 01:26:26]}
{[%emt 00:00:47]} Qe7 {[%clk 00:58:19]} {[%emt 00:02:13]} 25. Qc4 {[%clk
01:26:12]} {[%emt 00:00:46]} Qe5+ {[%clk 00:55:01]} {[%emt 00:03:47]} 26. Kg1
{[%clk 01:26:15]} {[%emt 00:00:28]} Nf6 {[%clk 00:54:04]} {[%emt 00:01:26]} 27.
Nxf6+ {[%clk 01:25:37]} {[%emt 00:01:08]} gxf6 {[%clk 00:53:29]} {[%emt
00:01:06]} 28. Rf3 {[%clk 01:24:35]} {[%emt 00:01:33]} Rd8 {[%clk 00:53:01]}
{[%emt 00:00:57]} 29. Qe2 {[%clk 01:23:16]} {[%emt 00:01:49]} Qxc3 {[%clk
00:52:35]} {[%emt 00:00:57]} 30. Qf1 {[%clk 01:20:22]} {[%emt 00:03:24]} Rd3
{[%clk 00:50:24]} {[%emt 00:02:41]} 31. Rxf6 {[%clk 01:19:59]} {[%emt
00:00:52]} Rxe3 {[%clk 00:50:23]} {[%emt 00:00:32]} 32. Kh2 {[%clk 01:16:30]}
{[%emt 00:03:59]} Qe5+ {[%clk 00:47:37]} {[%emt 00:03:12]} 33. Rf4 {[%clk
01:14:42]} {[%emt 00:02:22]} Re4 {[%clk 00:46:07]} {[%emt 00:01:59]} 34. Kg3
{[%clk 01:13:18]} {[%emt 00:01:55]} Kg7 {[%clk 00:44:13]} {[%emt 00:02:24]} 35.
h4 {[%clk 01:09:37]} {[%emt 00:04:11]} Rxb4 {[%clk 00:42:02]} {[%emt 00:02:41]}
36. g5 {[%clk 01:09:30]} {[%emt 00:00:37]} h5 {[%clk 00:41:25]} {[%emt
00:01:07]} 37. Qf3 {[%clk 01:09:13]} {[%emt 00:00:46]} c5 {[%clk 00:40:57]}
{[%emt 00:00:58]} 38. a3 {[%clk 01:09:09]} {[%emt 00:00:34]} Rd4 {[%clk
00:41:13]} {[%emt 00:00:12]} 0-1

[Event "DVM U12w 2024"]
[Site "Bad Homburg GER"]
[Date "2024.12.27"]
[Round "1"]
[White "Didas, Emma"]
[Black "Elsayed Esam, Sally"]
[Result "1-0"]
[Termination "normal"]
[Board "3.3"]
[WhiteElo "1456"]
[BlackElo "1563"]
[WhiteClock "00:58:23"]
[BlackClock "00:28:42"]
[WhiteTeam "SF Birkenfeld"]
[BlackTeam "USV TU Dresden"]
[PlyCount "99"]
[WhiteFideId "34681612"]
[BlackFideId "34662170"]
[EventCountry "GER"]
[EventRounds "7"]
[EventType "team-swiss"]
[EventDate "2024.12.26"]

1. e4 {[%clk 01:30:58]} {[%emt 00:00:02]} c6 {[%clk 01:30:48]} {[%emt
00:00:13]} 2. d4 {[%clk 01:31:22]} {[%emt 00:00:06]} d5 {[%clk 01:30:57]}
{[%emt 00:00:21]} 3. exd5 {[%clk 01:31:47]} {[%emt 00:00:05]} cxd5 {[%clk
01:31:21]} {[%emt 00:00:06]} 4. Bd3 {[%clk 01:32:08]} {[%emt 00:00:09]} Nf6
{[%clk 01:31:01]} {[%emt 00:00:50]} 5. Bf4 {[%clk 01:32:01]} {[%emt 00:00:37]}
Bg4 {[%clk 01:30:25]} {[%emt 00:01:06]} 6. f3 {[%clk 01:32:20]} {[%emt
00:00:11]} Bh5 {[%clk 01:30:36]} {[%emt 00:00:19]} 7. Ne2 {[%clk 01:32:34]}
{[%emt 00:00:16]} e6 {[%clk 01:29:57]} {[%emt 00:01:08]} 8. O-O {[%clk
01:32:45]} {[%emt 00:00:19]} Bd6 {[%clk 01:29:46]} {[%emt 00:00:42]} 9. Bxd6
{[%clk 01:33:00]} {[%emt 00:00:15]} Qxd6 {[%clk 01:30:03]} {[%emt 00:00:13]}
10. Qd2 {[%clk 01:32:25]} {[%emt 00:01:04]} Bg6 {[%clk 01:29:05]} {[%emt
00:01:30]} 11. Nf4 {[%clk 01:31:42]} {[%emt 00:01:12]} O-O {[%clk 01:27:21]}
{[%emt 00:02:14]} 12. Nxg6 {[%clk 01:30:17]} {[%emt 00:01:55]} hxg6 {[%clk
01:27:27]} {[%emt 00:00:24]} 13. Qg5 {[%clk 01:25:19]} {[%emt 00:05:29]} Re8
{[%clk 01:25:55]} {[%emt 00:02:02]} 14. c3 {[%clk 01:20:44]} {[%emt 00:05:05]}
Nc6 {[%clk 01:24:04]} {[%emt 00:02:20]} 15. Re1 {[%clk 01:19:29]} {[%emt
00:01:45]} e5 {[%clk 01:22:57]} {[%emt 00:01:38]} 16. dxe5 {[%clk 01:17:34]}
{[%emt 00:02:24]} Nxe5 {[%clk 01:20:32]} {[%emt 00:02:57]} 17. Rd1 {[%clk
01:15:15]} {[%emt 00:02:49]} Qc5+ {[%clk 01:20:14]} {[%emt 00:00:46]} 18. Kf1
{[%clk 01:15:19]} {[%emt 00:00:27]} Nxd3 {[%clk 01:16:36]} {[%emt 00:04:02]}
19. Rxd3 {[%clk 01:15:13]} {[%emt 00:00:35]} Qe7 {[%clk 01:16:44]} {[%emt
00:00:22]} 20. Qd2 {[%clk 01:14:15]} {[%emt 00:01:28]} Qe6 {[%clk 01:15:25]}
{[%emt 00:01:51]} 21. Na3 {[%clk 01:12:41]} {[%emt 00:02:02]} Re7 {[%clk
01:14:40]} {[%emt 00:01:15]} 22. Re1 {[%clk 01:11:12]} {[%emt 00:01:59]} Qxe1+
{[%clk 01:13:40]} {[%emt 00:01:31]} 23. Qxe1 {[%clk 01:11:30]} {[%emt
00:00:13]} Rxe1+ {[%clk 01:14:03]} {[%emt 00:00:08]} 24. Kxe1 {[%clk 01:11:55]}
{[%emt 00:00:05]} Re8+ {[%clk 01:14:21]} {[%emt 00:00:11]} 25. Kd2 {[%clk
01:11:51]} {[%emt 00:00:33]} Nh5 {[%clk 01:09:27]} {[%emt 00:05:25]} 26. Re3
{[%clk 01:11:08]} {[%emt 00:01:14]} Re6 {[%clk 01:08:19]} {[%emt 00:01:38]} 27.
Nb5 {[%clk 01:09:17]} {[%emt 00:02:20]} Nf4 {[%clk 01:03:47]} {[%emt 00:05:03]}
28. g3 {[%clk 01:08:03]} {[%emt 00:01:44]} a6 {[%clk 00:58:30]} {[%emt
00:05:45]} 29. Nd4 {[%clk 01:06:56]} {[%emt 00:01:37]} Rxe3 {[%clk 00:57:27]}
{[%emt 00:01:35]} 30. Kxe3 {[%clk 01:07:10]} {[%emt 00:00:16]} Ne6 {[%clk
00:56:59]} {[%emt 00:00:58]} 31. Nxe6 {[%clk 01:06:24]} {[%emt 00:01:16]} fxe6
{[%clk 00:57:23]} {[%emt 00:00:06]} 32. Kf4 {[%clk 01:06:00]} {[%emt 00:00:55]}
Kf7 {[%clk 00:56:49]} {[%emt 00:01:04]} 33. Ke5 {[%clk 01:05:46]} {[%emt
00:00:44]} Ke7 {[%clk 00:56:47]} {[%emt 00:00:32]} 34. b4 {[%clk 01:05:43]}
{[%emt 00:00:32]} b6 {[%clk 00:54:13]} {[%emt 00:03:04]} 35. a4 {[%clk
01:05:44]} {[%emt 00:00:29]} b5 {[%clk 00:46:10]} {[%emt 00:08:33]} 36. a5
{[%clk 01:05:17]} {[%emt 00:00:57]} Kd7 {[%clk 00:45:02]} {[%emt 00:01:38]} 37.
h4 {[%clk 01:04:58]} {[%emt 00:00:49]} Ke7 {[%clk 00:44:03]} {[%emt 00:01:29]}
38. g4 {[%clk 01:05:19]} {[%emt 00:00:08]} Kd7 {[%clk 00:42:57]} {[%emt
00:01:36]} 39. f4 {[%clk 01:05:42]} {[%emt 00:00:07]} Ke7 {[%clk 00:42:41]}
{[%emt 00:00:47]} 40. f5 {[%clk 01:03:30]} {[%emt 00:02:42]} exf5 {[%clk
00:34:01]} {[%emt 00:09:09]} 41. gxf5 {[%clk 01:03:48]} {[%emt 00:00:13]} Kf7
{[%clk 00:32:40]} {[%emt 00:01:49]} 42. fxg6+ {[%clk 00:58:50]} {[%emt
00:05:29]} Kxg6 {[%clk 00:32:46]} {[%emt 00:00:24]} 43. Kf4 {[%clk 00:57:36]}
{[%emt 00:01:43]} Kh5 {[%clk 00:31:06]} {[%emt 00:02:10]} 44. Kg3 {[%clk
00:57:14]} {[%emt 00:00:50]} g6 {[%clk 00:30:43]} {[%emt 00:00:55]} 45. Kh3
{[%clk 00:57:16]} {[%emt 00:00:28]} g5 {[%clk 00:31:01]} {[%emt 00:00:12]} 46.
hxg5 {[%clk 00:57:29]} {[%emt 00:00:16]} Kxg5 {[%clk 00:31:21]} {[%emt
00:00:10]} 47. Kg3 {[%clk 00:57:55]} {[%emt 00:00:05]} Kf5 {[%clk 00:31:02]}
{[%emt 00:00:49]} 48. Kf3 {[%clk 00:58:13]} {[%emt 00:00:12]} Ke6 {[%clk
00:29:03]} {[%emt 00:02:29]} 49. Ke3 {[%clk 00:58:10]} {[%emt 00:00:32]} Ke5
{[%clk 00:28:42]} {[%emt 00:00:51]} 50. Kd3 {[%clk 00:58:23]} {[%emt 00:00:18]}
d4   51. cxd4+   Kd5   52. Ke3   Kc4   53. Ke4   Kxb4   54. d5   Kxa5   55. d6 
 Kb6   56. Ke5   b4   57. Ke6   b3   58. d7   Kb5   59. d8=Q   Ka4   60. Qb6  
a5   61. Qc5   b2   62. Qb6   Ka3   63. Qxa5+   Kb3   64. Qe1   Ka2   65. Qd2  
Kb3   66. Qd5+   Kc2   67. Qc4+   Kd1   68. Qb3+   Kc1   69. Qc3+   Kb1   70.
Kd5   Ka2   71. Qa5+   Kb3   72. Qb5+   Kc3   73. Kc5   Kc2   74. Qc4+   Kd2  
75. Qb3   Kc1   76. Qc3+   Kb1   77. Kb4   Ka1   78. Kb3   1-0

[Event "DVM U12w 2024"]
[Site "Bad Homburg GER"]
[Date "2024.12.27"]
[Round "1"]
[White "Scarlat-Timofte, Elena"]
[Black "Henn, Lena"]
[Result "0-1"]
[Termination "normal"]
[Board "3.4"]
[WhiteElo "1024"]
[BlackElo "808"]
[WhiteClock "00:33:24"]
[BlackClock "01:03:44"]
[WhiteTeam "USV TU Dresden"]
[BlackTeam "SF Birkenfeld"]
[PlyCount "88"]
[WhiteFideId "34693530"]
[EventCountry "GER"]
[EventRounds "7"]
[EventType "team-swiss"]
[EventDate "2024.12.26"]

1. e4 {[%clk 01:30:58]} {[%emt 00:00:01]} d6 {[%clk 01:30:53]} {[%emt
00:00:07]} 2. Nf3 {[%clk 01:31:15]} {[%emt 00:00:12]} Nf6 {[%clk 01:31:10]}
{[%emt 00:00:14]} 3. Nc3 {[%clk 01:31:39]} {[%emt 00:00:06]} g6 {[%clk
01:31:33]} {[%emt 00:00:07]} 4. Bc4 {[%clk 01:31:52]} {[%emt 00:00:17]} Bg7
{[%clk 01:31:50]} {[%emt 00:00:12]} 5. d3 {[%clk 01:31:03]} {[%emt 00:01:19]}
O-O {[%clk 01:31:50]} {[%emt 00:00:31]} 6. Bg5 {[%clk 01:31:17]} {[%emt
00:00:15]} c6 {[%clk 01:31:36]} {[%emt 00:00:45]} 7. O-O {[%clk 01:28:44]}
{[%emt 00:03:03]} a5 {[%clk 01:30:12]} {[%emt 00:01:54]} 8. e5 {[%clk
01:27:35]} {[%emt 00:01:38]} dxe5 {[%clk 01:28:44]} {[%emt 00:01:58]} 9. Nxe5
{[%clk 01:27:20]} {[%emt 00:00:44]} b5 {[%clk 01:27:55]} {[%emt 00:01:20]} 10.
Bb3 {[%clk 01:26:05]} {[%emt 00:01:45]} a4 {[%clk 01:28:11]} {[%emt 00:00:14]}
11. Nxf7 {[%clk 01:25:02]} {[%emt 00:01:32]} Rxf7 {[%clk 01:28:26]} {[%emt
00:00:15]} 12. Bxf7+ {[%clk 01:24:52]} {[%emt 00:00:41]} Kxf7 {[%clk 01:28:48]}
{[%emt 00:00:09]} 13. Qf3 {[%clk 01:23:12]} {[%emt 00:02:08]} Qd6 {[%clk
01:18:53]} {[%emt 00:10:25]} 14. Ne4 {[%clk 01:22:01]} {[%emt 00:01:42]} Qe6
{[%clk 01:18:16]} {[%emt 00:01:06]} 15. Nc5 {[%clk 01:21:30]} {[%emt 00:01:01]}
Qe5 {[%clk 01:16:06]} {[%emt 00:02:40]} 16. Ne4 {[%clk 01:21:13]} {[%emt
00:00:48]} Nbd7 {[%clk 01:14:14]} {[%emt 00:02:22]} 17. Bf4 {[%clk 01:20:15]}
{[%emt 00:01:27]} Qf5 {[%clk 01:09:50]} {[%emt 00:04:48]} 18. Ng5+ {[%clk
01:19:20]} {[%emt 00:01:25]} Kg8 {[%clk 01:08:13]} {[%emt 00:02:07]} 19. Qe3
{[%clk 01:17:48]} {[%emt 00:02:02]} Nd5 {[%clk 01:07:20]} {[%emt 00:01:23]} 20.
Qf3 {[%clk 01:13:58]} {[%emt 00:04:21]} Nxf4 {[%clk 01:07:25]} {[%emt
00:00:25]} 21. Ne4 {[%clk 01:12:54]} {[%emt 00:01:33]} Ne5 {[%clk 01:06:13]}
{[%emt 00:01:42]} 22. Qe3 {[%clk 01:09:05]} {[%emt 00:04:19]} Ng4 {[%clk
01:05:50]} {[%emt 00:00:53]} 23. Qf3 {[%clk 01:06:16]} {[%emt 00:03:18]} Qe5
{[%clk 01:05:00]} {[%emt 00:01:20]} 24. Qxg4 {[%clk 01:06:09]} {[%emt
00:00:35]} Bxg4 {[%clk 01:05:18]} {[%emt 00:00:15]} 25. h3 {[%clk 01:05:16]}
{[%emt 00:01:23]} Bf5 {[%clk 01:04:16]} {[%emt 00:01:31]} 26. Rae1 {[%clk
01:04:54]} {[%emt 00:00:53]} Qxb2 {[%clk 01:03:39]} {[%emt 00:01:07]} 27. Ng5
{[%clk 01:02:18]} {[%emt 00:03:05]} Bf6 {[%clk 01:03:28]} {[%emt 00:00:40]} 28.
Ne4 {[%clk 01:01:57]} {[%emt 00:00:52]} Qxa2 {[%clk 01:02:44]} {[%emt
00:01:15]} 29. g3 {[%clk 00:57:44]} {[%emt 00:04:42]} Nxh3+ {[%clk 01:02:51]}
{[%emt 00:00:24]} 30. Kg2 {[%clk 00:56:54]} {[%emt 00:01:20]} Qxc2 {[%clk
01:03:10]} {[%emt 00:00:12]} 31. Re3 {[%clk 00:54:36]} {[%emt 00:02:48]} Rd8
{[%clk 01:03:15]} {[%emt 00:00:25]} 32. Nxf6+ {[%clk 00:52:12]} {[%emt
00:02:54]} exf6 {[%clk 01:03:25]} {[%emt 00:00:20]} 33. d4 {[%clk 00:49:15]}
{[%emt 00:03:27]} Rxd4 {[%clk 01:02:36]} {[%emt 00:01:19]} 34. Re8+ {[%clk
00:48:42]} {[%emt 00:01:02]} Kg7 {[%clk 01:02:51]} {[%emt 00:00:17]} 35. Re7+
{[%clk 00:48:52]} {[%emt 00:00:18]} Kh6 {[%clk 01:03:01]} {[%emt 00:00:22]} 36.
Rf7 {[%clk 00:43:02]} {[%emt 00:06:19]} Qe4+ {[%clk 01:03:11]} {[%emt
00:00:21]} 37. Kh2 {[%clk 00:40:55]} {[%emt 00:02:36]} Qe2 {[%clk 01:02:42]}
{[%emt 00:01:01]} 38. Rg1 {[%clk 00:36:30]} {[%emt 00:04:54]} Qxf2+ {[%clk
01:03:09]} {[%emt 00:00:04]} 39. Rg2 {[%clk 00:35:18]} {[%emt 00:01:42]} Qf1
{[%clk 01:02:54]} {[%emt 00:00:44]} 40. Rxf6 {[%clk 00:34:44]} {[%emt
00:01:04]} Rd1 {[%clk 01:02:57]} {[%emt 00:00:25]} 41. g4 {[%clk 00:33:56]}
{[%emt 00:01:20]} Qh1+ {[%clk 01:03:07]} {[%emt 00:00:21]} 42. Kg3 {[%clk
00:34:07]} {[%emt 00:00:18]} Rd3+ {[%clk 01:03:26]} {[%emt 00:00:10]} 43. Kh4
{[%clk 00:33:12]} {[%emt 00:01:27]} Nf2+ {[%clk 01:03:35]} {[%emt 00:00:21]}
44. Rh2 {[%clk 00:33:24]} {[%emt 00:00:19]} Qxh2# {[%clk 01:03:44]} {[%emt
00:00:22]} 0-1